It looks like you're offline.
Open Library logo
additional options menu

MARC Record from Talis

Record ID talis_openlibrary_contribution/talis-openlibrary-contribution.mrc:2630974353:499
Source Talis
Download Link /show-records/talis_openlibrary_contribution/talis-openlibrary-contribution.mrc:2630974353:499?format=raw

LEADER: 00499nam a22001932a 4500
001 04df603346254bf896868d185b4b65c2
003 UK-BiTAL
005 20050705231610.0
008 741016s1960 xxk 000 ||eng|d
015 $aGB6005194$2bnb
035 $a()b6005194
040 $aUK-BiTAL$cUK-BiTAL$dUK-BiTAL
082 04 $a823.91$218
100 1 $aStevenson, D. E.
245 10 $aSpring magic.
260 $bCollins,$c1960.
300 $a253p.,18cm
440 0 $aFontana books
500 $aOriginally published 1942.